000 00203 a2200097 4500
001 10991
100 _aForsyth, F.
245 _aThe day of the Jackal
260 _a
_bGorgi Book
_c
090 _c8559
_d8559
942 _aNUST-CAE
_cM
_c35332
999 _c246064
_d246064